Foundations of chemistry in the laboratory / (Record no. 290414)
[ view plain ]
| 000 -LEADER | |
|---|---|
| fixed length control field | 00941cam a2200265Ia 4500 |
| 003 - CONTROL NUMBER IDENTIFIER | |
| control field | OCoLC |
| 005 - DATE AND TIME OF LATEST TRANSACTION | |
| control field | 20160118083049.0 |
| 008 - FIXED-LENGTH DATA ELEMENTS--GENERAL INFORMATION | |
| fixed length control field | 100902s2011 njua f 000 0 eng d |
| 020 ## - INTERNATIONAL STANDARD BOOK NUMBER | |
| International Standard Book Number | 9812532846 |
| 050 00 - LIBRARY OF CONGRESS CALL NUMBER | |
| Classification number | QD 45 |
| Item number | .H38 2007 |
| 100 1# - MAIN ENTRY--PERSONAL NAME | |
| Personal name | Hein, Morris. |
| 245 10 - TITLE STATEMENT | |
| Title | Foundations of chemistry in the laboratory / |
| Statement of responsibility, etc | Morris Hein, Judith N. Peisen, Robert L. Miner. |
| 250 ## - EDITION STATEMENT | |
| Edition statement | Thirteenth edition. |
| 260 ## - PUBLICATION, DISTRIBUTION, ETC. (IMPRINT) | |
| Place of publication, distribution, etc | Hoboken, NJ : |
| Name of publisher, distributor, etc | Wiley, |
| Date of publication, distribution, etc | 2007. |
| 300 ## - PHYSICAL DESCRIPTION | |
| Extent | xii, 142 pages : |
| Other physical details | illustrations ; |
| Dimensions | 28 cm. |
| 500 ## - GENERAL NOTE | |
| General note | Cover and spine title : |
| -- | Foundations of college chemistry in the laboratory. |
| 650 #0 - SUBJECT ADDED ENTRY--TOPICAL TERM | |
| Topical term or geographic name as entry element | Chemistry |
| Form subdivision | Laboratory manuals. |
| 650 #0 - SUBJECT ADDED ENTRY--TOPICAL TERM | |
| Topical term or geographic name as entry element | Chemistry |
| General subdivision | Experiments. |
| 700 1# - ADDED ENTRY--PERSONAL NAME | |
| Personal name | Peisen, Judith N. |
| 700 1# - ADDED ENTRY--PERSONAL NAME | |
| Personal name | Miner, Robert L. |
| 740 0# - ADDED ENTRY--UNCONTROLLED RELATED/ANALYTICAL TITLE | |
| Uncontrolled related/analytical title | Chemistry in the laboratory. |
| 740 0# - ADDED ENTRY--UNCONTROLLED RELATED/ANALYTICAL TITLE | |
| Uncontrolled related/analytical title | College chemistry in the laboratory. |
| 740 0# - ADDED ENTRY--UNCONTROLLED RELATED/ANALYTICAL TITLE | |
| Uncontrolled related/analytical title | Foundations of college chemistry in the laboratory. |
| 942 ## - ADDED ENTRY ELEMENTS (KOHA) | |
| Source of classification or shelving scheme | Library of Congress Classification |
| Koha item type | Books |
| Call number prefix | Foreign |
| Withdrawn status | Lost status | Source of classification or shelving scheme | Damaged status | Home library | Current library | Shelving location | Date acquired | Source of acquisition | Total Checkouts | Full call number | Barcode | Date last seen | Price effective from | Koha item type |
|---|---|---|---|---|---|---|---|---|---|---|---|---|---|---|
| Library of Congress Classification | Archives | Archives | 01/18/2016 | Donation | QD 45 .H38 2007 | C20350 | 05/15/2018 | 01/18/2016 | Books |